Fundamentals of nursing / (Record no. 86155)
[ view plain ]
| 000 -LEADER | |
|---|---|
| fixed length control field | 00987nam a22003017a 4500 |
| 003 - CONTROL NUMBER IDENTIFIER | |
| control field | URS |
| 005 - DATE AND TIME OF LATEST TRANSACTION | |
| control field | 20250916140104.0 |
| 008 - FIXED-LENGTH DATA ELEMENTS--GENERAL INFORMATION | |
| fixed length control field | 250909b |||||||| |||| 00| 0 eng d |
| 020 ## - INTERNATIONAL STANDARD BOOK NUMBER | |
| International Standard Book Number | 978-0-323-81034-0 |
| 040 ## - CATALOGING SOURCE | |
| Description conventions | rda |
| Transcribing agency | URS |
| Language of cataloging | English |
| 050 ## - LIBRARY OF CONGRESS CALL NUMBER | |
| Classification number | RT41 |
| Item number | .F962p 2023 |
| 245 ## - TITLE STATEMENT | |
| Title | Fundamentals of nursing / |
| Statement of responsibility, etc | Patricia A. Potter...[and three others]. |
| 250 ## - EDITION STATEMENT | |
| Edition statement | Eleventh edition. |
| 264 #1 - PUBLICATION, DISTRIBUTION, ETC. (IMPRINT) | |
| Place of publication, distribution, etc | Singapore : |
| Name of publisher, distributor, etc | Elsevier, |
| Date of publication, distribution, etc | ©2023. |
| 300 ## - PHYSICAL DESCRIPTION | |
| Extent | xi, 1513 pages : |
| Other physical details | illustrations ; |
| Dimensions | 26 cm. |
| 336 ## - CONTENT TYPE | |
| Content type term | text |
| Content type code | txt |
| Source | rdacontent |
| 337 ## - MEDIA TYPE | |
| Media type term | unmediated |
| Media type code | n |
| Source | rdamedia |
| 338 ## - CARRIER TYPE | |
| Carrier type term | volume |
| Carrier type code | nc |
| Source | rdacarrier |
| 504 ## - BIBLIOGRAPHY, ETC. NOTE | |
| Bibliography, etc | Includes bibliographical references and index. |
| 650 #0 - SUBJECT ADDED ENTRY--TOPICAL TERM | |
| Topical term or geographic name as entry element | Nursing. |
| 9 (RLIN) | 1023 |
| 650 #0 - SUBJECT ADDED ENTRY--TOPICAL TERM | |
| Topical term or geographic name as entry element | Nursing care. |
| 9 (RLIN) | 1093 |
| 650 ## - SUBJECT ADDED ENTRY--TOPICAL TERM | |
| Topical term or geographic name as entry element | Nursing process. |
| 700 ## - ADDED ENTRY--PERSONAL NAME | |
| Personal name | Potter, Patricia Ann, |
| Relator term | author. |
| 9 (RLIN) | 1524 |
| 700 ## - ADDED ENTRY--PERSONAL NAME | |
| Personal name | Perry, Anne Griffin, |
| Relator term | author. |
| 9 (RLIN) | 1523 |
| 700 ## - ADDED ENTRY--PERSONAL NAME | |
| Personal name | Stockert, Patricia A., |
| Relator term | author. |
| 9 (RLIN) | 6459 |
| 700 ## - ADDED ENTRY--PERSONAL NAME | |
| Personal name | Hall, Amy M., |
| Relator term | author. |
| 9 (RLIN) | 6460 |
| 942 ## - ADDED ENTRY ELEMENTS (KOHA) | |
| Source of classification or shelving scheme | Library of Congress Classification |
| Koha item type | Reserved Books |
| Withdrawn status | Lost status | Source of classification or shelving scheme | Damaged status | Not for loan | Collection code | Home library | Current library | Shelving location | Date acquired | Source of acquisition | Total Checkouts | Full call number | Barcode | Date last seen | Copy number | Koha item type |
|---|---|---|---|---|---|---|---|---|---|---|---|---|---|---|---|---|
| Library of Congress Classification | Non-fiction | Taytay College Library | Taytay College Library | Nursing Collection | 08/12/2025 | Purchased | RT41 .F962p 2023 vol.1 | URSTAY-5764 | 09/09/2025 | 1 | Reserved Books | |||||
| Library of Congress Classification | Non-fiction | Taytay College Library | Taytay College Library | Nursing Collection | 08/12/2025 | Purchased | RT41 .F962p 2023 vol.2 | URSTAY-5765 | 09/16/2025 | 1 | Reserved Books |